00651nam a2200169 a 450000100100000000500170001000800410002704000250006808200110009324500690010426000660017330000210023959000260026071000690028695201090035599900170046400004740720201002060526.0180515s1995 dr 000 0 spa d aDO-SdBNPbspacBNPHU axxbxx00aBet y tips :bresumen de las oportunidades eomerciales , 1995 /. aSanto Domingo :bBanco del Este ;bComisión Europea,c1995. a124 p. ;c30 cm. aInventariado, 2018/VM 2aCentro Informativo Internacional (República Dominicana)975047 0010718PDaPDbPDcHDd2018-05-15iLF1l0oxx xxp47407-10r2020-06-25w2020-06-25yLFPDZNo se presta c46895d46895